Регионална библиотека "Любен Каравелов" - Русе

Правилник за събиране, посредством пощенската служба, стойността на ценни книжа (Запис номер 406841)

MARC детайли
000 -Лидер
Контролно поле с фиксирана дължина nam a22 a 4500
003 - Код на организацията, давaща контролен номер
Контролно поле BLK
005 - Дата и час на последна редакция
Контролно поле 20210413132538.0
008 - Елементи от данни с фиксирана дължина
fixed length control field 180412b bul|||||r ||||||| ||bul||
040 ## - Източник на каталожния запис
Идентификатор на билиотеката - собственик на записа BLK
041 ## - Код за език
Код за езика на текст/звукозапис или на отделно заглавие Български
Код за езика КДБФ Български
080 ## - УДК
Текстов определител УДК Поща. Управление на пощите. Пощенски правила. Вж и 656. 8 351.816
УДК код - определител по УДК 351.816
УДК определител (094.1)(497.2)
УДК - код + определител 351.816(094.1)(497.2)
110 ## - Редна дума - колетивен орган
9 (RLIN) 447294
Редна дума - наименование на организация или юридическо лице България. Министерство на общестевните сгради, пътищата и съобщенията. Гл. дирекция на пощите, телеграфите и телефоните
139 ## - Редно поле
Редна дума Правилник за събиране, посредством пощенската служба, стойността на ценни книжа
245 10 - Сведения за заглавието
Заглавие Правилник за събиране, посредством пощенската служба, стойността на ценни книжа
257 ## - Страна на издаване
Страна на създаване/издаване България
260 ## - Област на издателските данни
Име на издателя, разпространителя и проч. М-во на общ. сгради, пътищата и благоустройството
Година на издаване 1896
9 (RLIN) 219383
Място на издаване, разпространение и проч. София
Издателство - префикс ISBN 978-606-92772-
Печатница София : Държ. печ.
300 ## - Физическа характеристика
Страници 7 с.
Размери/Мащаб 23 см
380 ## - Жанр
Жанр Обществени науки
490 ## - СЕРИИ (Колекции)
9 (RLIN) 435080
Име на серия Колекция Редки и ценни издания
500 ## - Общи забележки
Забележка Надт. загл.
650 #7 - Допълнително описание по предмет – тема
Основно описание – тема или топоним Пощи - България
9 (RLIN) 167313
653 #7 - Ключова дума – ненормативна
9 (RLIN) 194305
Ключова дума правилници
852 ## - Местоположение
Форматна сигнатура Рб 896
Фондова буква Редки и ценни
999 ## - СИСТЕМНИ КОНТРОЛНИ НОМЕРА
Koha biblionumber 406841
Koha biblioitemnumber 406841
942 ## - АРТИКУЛИ
Вид на библиотечния материал Книги
Скрит в OPAC Не
Периодичен библиозапис Да
944 ## - СЪЗДАВАНЕ И РЕДАКЦИЯ на ЗАПИСА
Създаване/Редакция Създаване
Дата на регистрацията/редакция 2021-04-08
Служител, извършил регистрацията/редакцията СТ
999 ## - СИСТЕМНИ КОНТРОЛНИ НОМЕРА
Koha biblioitemnumber 406841
999 ## - СИСТЕМНИ КОНТРОЛНИ НОМЕРА
Koha biblioitemnumber 406140
999 ## - СИСТЕМНИ КОНТРОЛНИ НОМЕРА
Koha biblioitemnumber 406127
Наличности
Код за отписване Код за изгубен артикул Източник на класификационната схема Код за повреда Коз за рестрикции Код за отдаване Артикулен № Име на библиотеката - собственик Име на библиотеката, в която се намира в момента Статус (Текущо местоположение) Дата на вписване в системата Местоположение - отдел Цена в лева Инвентарен номер Систематично азбучна сигнатура Баркод Цена в евро Служебен тип на артикула
  Не е изгубен Universal Decimal Classification Не е повреден само за читалня Специални фондове ( старопечатни, редки и ценни, фонд М. Арнаудов) 852920 Регионална библиотека "Любен Каравелов" Русе Регионална библиотека "Любен Каравелов" Русе Редки и ценни 2021-09-17 Редки и ценни 0.01 13559 Рб 896 900000045463 0.01 Книги
Vip Innovations Ltd, Rousse, Bulgaria 2025